Name Countries of Asia - Statistics

General Stats
  • This quiz has been taken 17 times
  • The average score is 41 of 49
Answer Stats
Answer % Correct
China
100%
India
94%
Iran
94%
Iraq
94%
Japan
94%
Nepal
94%
North Korea
94%
Philippines
94%
Qatar
94%
Saudi Arabia
94%
South Korea
94%
Sri Lanka
94%
Afghanistan
88%
Bhutan
88%
Cambodia
88%
Indonesia
88%
Mongolia
88%
Pakistan
88%
Thailand
88%
Turkmenistan
88%
United Arab Emirates
88%
Uzbekistan
88%
Vietnam
88%
Azerbaijan
81%
Bangladesh
81%
Israel
81%
Jordan
81%
Kuwait
81%
Kyrgyzstan
81%
Laos
81%
Lebanon
81%
Malaysia
81%
Myanmar
81%
Oman
81%
Russia
81%
Singapore
81%
Syria
81%
Taiwan
81%
Tajikistan
81%
Yemen
81%
Armenia
75%
Kazakhstan
75%
Brunei
69%
Georgia
69%
Maldives
69%
Timor-Leste
69%
Bahrain
63%
Cyprus
63%
Turkiye
44%
No matching quizzes found
Score Distribution
Percent of People with Each Score
Percentile by Number Answered
Your Score History
You have not taken this quiz